000 00418cam a22001337a 4500
008 180718b1983 xxu||||| |||| 00| 0 eng d
082 _aK18x54 In2p
245 _aPublic services in a democratic context
_cedited by R.B. Jain
260 _aDelhi
_bIndian Institute of Public Administration
_c1983
300 _a339p.
650 _aPublic administration --India
650 _aCivil Service - India
700 _aJain, R.B.
999 _c475865
_d475865